000 00932nam a2200301 a 4500
001 82422
003 BD-RjUL
005 20231207103020.0
008 231207s2017 maua b 001 0 eng
020 _a9780134419077 (alk. paper)
020 _a0134419073 (alk. paper)
035 _a(BD-RjUL)82422
040 _aDLC
_beng
_cDLC
_erda
_dDLC
_dBD-RjUL
041 _aeng
082 0 0 _223
_a305.8
_bMIC 2017
100 1 _aMiller, Barbara D.,
_d1948-
_910389
245 1 0 _aCultural anthropology /
_cBarbara Miller, George Washington University.
250 _aEighth edition.
264 1 _aBoston :
_bPearson,
_c2017.
300 _axix, 434 pages :
_bcolor illustrations ;
_c27 cm
336 _atext
_2rdacontent
337 _aunmediated
_2rdamedia
338 _avolume
_2rdacarrier
504 _aIncludes bibliographical references (pages 385-403) and index.
650 0 _aEthnology.
942 _2ddc
_cBK
999 _c82422
_d82422